000 00440cam a22001337a 4500
008 180718b1977 xxu||||| |||| 00| 0 eng d
082 _aT19x59 Sw35
245 _aEconomic problems and prospects in ASEAN countries
_cedited by Saw Swee-Hock and Lee Soo Ann
260 _aSingapore
_bSingapore University Press
_c1977
300 _a195p.
650 _aAsia, South-East-Economic conditions
700 _aAnn, Lee Soo
700 _aSwee-Hock, Saw
999 _c355355
_d355355